00369pab a2200133 454500008004000000100002000040245008400060260000900144300001400153362001200167650002700179650001100206773001800217180718b2006 xxu||||| |||| 00| 0 eng d aLeyshon, Andrew aWalking with moneylenders: the ecology of the UK home-collected credit industry c2006 ap.161-86. aJan-Mar aCredit - Great Britain aCredit aUrban Studies